Nerval : El Desdichado - Statistiques

Statistiques générales
  • Ce quiz a été pris 4 fois
  • Le résultat moyen est 6 sur 14
Statistiques - réponses
Texte % Correct
Je suis le Ténébreux, – le Veuf, – l’Inconsolé,
100%
Ma seule étoile est morte, – et mon luth constellé
100%
Porte le Soleil noir de la Mélancolie.
100%
Le prince d’Aquitaine à la tour abolie :
75%
Les soupirs de la sainte et les cris de la fée.
50%
Modulant tour à tour sur la lyre d’Orphée
50%
Et la treille où le pampre à la rose s’allie.
25%
Rends-moi le Pausilippe et la mer d’Italie,
25%
Suis-je Amour ou Phébus ?… Lusignan ou Biron ?
25%
Dans la nuit du tombeau, toi qui m’as consolé,
0%
Et j’ai deux fois vainqueur traversé l’Achéron :
0%
J’ai rêvé dans la grotte où nage la syrène…
0%
La fleur qui plaisait tant à mon cœur désolé,
0%
Mon front est rouge encor du baiser de la reine ;
0%
Aucun quiz correspondant
Distribution des résultats
% des personnes avec chaque résultat
Percentile par nombre de réponses
Votre historique - résultats
Vous n’avez pas pris ce quiz